000 00305nam a2200133Ia 4500
008 231129s2004||||xx |||||||||||||| ||spa||
040 _bspa
082 _aCo868 A414p
100 _aAljure R. Faride
245 0 _aPoligrafí­a Arte y Cultura
260 _c2004
264 _aPapiro
942 _2ddc
_cBKS
999 _c23003
_d23003